MIT Sloan Management Review

Gespeichert in:
Bibliographische Detailangaben
Format: Schriftenreihe
Sprache:Englisch
Veröffentlicht: Cambridge MIT Sloan School of Management
Tags: Tag hinzufügen
Keine Tags, Fügen Sie das erste Tag hinzu!

MARC

LEADER 00000nas1a2200000 4500
001 0306933
005 20250701092108.9
022 |a 1532-9194 
022 |a 1532-8937 
041 0 |a eng 
044 |a US 
245 1 0 |a MIT Sloan Management Review 
264 1 |a Cambridge  |b MIT Sloan School of Management